European Geography By Letter G - Picture Quiz - Statistics

General Stats
  • This quiz has been taken 1,198 times
  • The average score is 9 of 18
Answer Stats
Picture Hint Answer % Correct
(official language) German
92%
Rock of {Gibraltar}
86%
(country) Greece
84%
Lake {Geneva}
70%
{Guggenheim} Museum
69%
(island) Great Britain
60%
(basalt columns) Giant's Causeway
54%
(city) Gothenburg
49%
(island) Guernsey
49%
(city) Genoa
47%
(city) Gdańsk
42%
(pre-Euro currency) Gulden
41%
(channel) Grand Canal
34%
Lake {Garda}
30%
(region) Galicia
22%
{Grampian} Mountains
20%
(province) Gotland
17%
(monastery) Gračanica
3%
No matching quizzes found
Score Distribution
Percent of People with Each Score
Percentile by Number Answered
Your Score History
You have not taken this quiz